[Event "POL-chT 2nd League"]
[Site "Wysowa"]
[Date "2007.09.06"]
[Round "4"]
[White "Rawski, Slawomir"]
[Black "Barwinski, Dionizy"]
[Result "1-0"]
[WhiteElo "2203"]
[BlackElo "2174"]
[PlyCount "83"]
[EventDate "2007.09.03"]
[EventType "team-swiss"]
[EventRounds "9"]
[EventCountry "POL"]
[SourceTitle "EXT 2010"]
[Source "ChessBase"]
[SourceDate "2010.11.25"]
[SourceVersion "1"]
[SourceVersionDate "2010.11.25"]
[SourceQuality "1"]
[WhiteTeam "Gdynia Korsarz"]
[BlackTeam "Pultusk Nadnarwianka"]
[WhiteTeamCountry "POL"]
[BlackTeamCountry "POL"]

1. d4 Nf6 2. c4 e6 3. Nc3 Bb4 4. Qc2 c5 5. dxc5 Na6 6. a3 Bxc3+ 7. Qxc3 Nxc5 8. b4 Nce4 9. Qb2 Nd6 10. c5 Nc4 11. Qc3 d5 12. e4 b5 13. Bxc4 dxc4 14. f3 0-0 15. Bb2 Nh5 16. Rd1 Qg5 17. Ne2 f5 18. exf5 exf5 19. 0-0 Re8 20. f4 Qg4 21. h3 Qg6 22. Rd6 Nf6 23. Qf3 Rb8 24. Be5 Rb7 25. c6 Rbe7 26. Nc3 a6 27. Rfd1 Re6 28. Rxe6 Bxe6 29. Rd6 Ne4 30. Nxe4 fxe4 31. Qe3 h5 32. c7 Qf5 33. Qb6 Kf7 34. Rd8 Bc8 35. Qc6 Re7 36. Qd5+ Kg6 37. Qg8 Rxe5 38. fxe5 Qxe5 39. Qe8+ Qxe8 40. Rxe8 c3 41. Rxe4 c2 42. Re1 1-0

[Event "POL-chT 2nd League"]
[Site "Lublin"]
[Date "2006.09.09"]
[Round "8.38"]
[White "Swic, Waldemar"]
[Black "Rawski, Slawomir"]
[Result "1/2-1/2"]
[WhiteElo "2331"]
[BlackElo "2206"]
[PlyCount "21"]
[EventDate "2006.09.02"]
[EventType "team-swiss"]
[EventRounds "9"]
[EventCountry "POL"]
[SourceTitle "EXT 2019"]
[Source "ChessBase"]
[SourceDate "2018.10.10"]
[SourceVersion "1"]
[SourceVersionDate "2018.10.10"]
[SourceQuality "1"]
[WhiteTeam "Lodz Szach Centrum"]
[BlackTeam "Gdynia Korsarz"]
[WhiteTeamCountry "POL"]
[BlackTeamCountry "POL"]

1. e4 e6 2. d4 d5 3. Nc3 dxe4 4. Nxe4 Nf6 5. Nxf6+ Qxf6 6. Nf3 h6 7. Bd3 Bd6 8. 0-0 Nc6 9. c3 0-0 10. Qe2 e5 11. dxe5 1/2-1/2

[Event "POL-chT 2nd League"]
[Site "Lublin"]
[Date "2006.09.08"]
[Round "7.44"]
[White "Rawski, Slawomir"]
[Black "Chalupnik, Marcin"]
[Result "1/2-1/2"]
[WhiteElo "2206"]
[BlackElo "2284"]
[PlyCount "35"]
[EventDate "2006.09.02"]
[EventType "team-swiss"]
[EventRounds "9"]
[EventCountry "POL"]
[SourceTitle "EXT 2019"]
[Source "ChessBase"]
[SourceDate "2018.10.10"]
[SourceVersion "1"]
[SourceVersionDate "2018.10.10"]
[SourceQuality "1"]
[WhiteTeam "Gdynia Korsarz"]
[BlackTeam "Warszawa YMCA"]
[WhiteTeamCountry "POL"]
[BlackTeamCountry "POL"]

1. Nf3 Nf6 2. c4 c5 3. g3 d5 4. cxd5 Nxd5 5. b3 Nc6 6. Bb2 Nf6 7. Bg2 g6 8. Qc1 Qd6 9. Na3 a6 10. Nc4 Qd8 11. Ne3 Qa5 12. Nd5 Qd8 13. Ng5 Nxd5 14. Bxh8 f6 15. Nxh7 Bh6 16. 0-0 Be6 17. Qxc5 Kf7 18. g4 1/2-1/2

[Event "POL-chT 2nd League"]
[Site "Lublin"]
[Date "2006.09.05"]
[Round "4.8"]
[White "Luch, Michal"]
[Black "Rawski, Slawomir"]
[Result "1-0"]
[WhiteElo "2356"]
[BlackElo "2206"]
[PlyCount "69"]
[EventDate "2006.09.02"]
[EventType "team-swiss"]
[EventRounds "9"]
[EventCountry "POL"]
[SourceTitle "EXT 2019"]
[Source "ChessBase"]
[SourceDate "2018.10.10"]
[SourceVersion "1"]
[SourceVersionDate "2018.10.10"]
[SourceQuality "1"]
[WhiteTeam "Wroclaw Polonia"]
[BlackTeam "Gdynia Korsarz"]
[WhiteTeamCountry "POL"]
[BlackTeamCountry "POL"]

1. d4 Nf6 2. c4 e6 3. Nc3 Bb4 4. Qc2 0-0 5. a3 Bxc3+ 6. Qxc3 b6 7. Bg5 Bb7 8. f3 d6 9. e4 Qe8 10. Bd3 e5 11. d5 a5 12. b4 axb4 13. axb4 Rxa1+ 14. Qxa1 Na6 15. Qa3 Qe7 16. Ne2 Ra8 17. Qc3 h6 18. Be3 Qe8 19. 0-0 Ra7 20. Qb3 Nd7 21. Nc3 Ra8 22. Qb2 Qe7 23. Ra1 Kh7 24. Be2 g6 25. Ra3 Qh4 26. g3 Qd8 27. Bd3 Qf8 28. Qb1 Qd8 29. Bc2 Qf6 30. Kg2 g5 31. Ba4 Qe7 32. Bc6 Nab8 33. Rxa8 Nxc6 34. dxc6 Bxa8 35. cxd7 1-0

[Event "POL-chT 2nd League"]
[Site "Lublin"]
[Date "2006.09.03"]
[Round "2.26"]
[White "Babik, Tomasz"]
[Black "Rawski, Slawomir"]
[Result "1-0"]
[WhiteElo "2254"]
[BlackElo "2206"]
[PlyCount "55"]
[EventDate "2006.09.02"]
[EventType "team-swiss"]
[EventRounds "9"]
[EventCountry "POL"]
[SourceTitle "EXT 2019"]
[Source "ChessBase"]
[SourceDate "2018.10.10"]
[SourceVersion "1"]
[SourceVersionDate "2018.10.10"]
[SourceQuality "1"]
[WhiteTeam "Miedzyborow Wrzos"]
[BlackTeam "Gdynia Korsarz"]
[WhiteTeamCountry "POL"]
[BlackTeamCountry "POL"]

1. c4 Nf6 2. Nc3 c5 3. Nf3 e6 4. g3 b6 5. Bg2 Bb7 6. 0-0 Be7 7. d4 cxd4 8. Qxd4 d6 9. e4 Nc6 10. Qe3 Ng4 11. Qe2 a6 12. Rd1 Qc7 13. Bf4 Nge5 14. b3 0-0 15. Rac1 Rfd8 16. Nd5 exd5 17. cxd5 Qd7 18. dxc6 Nxf3+ 19. Bxf3 Bxc6 20. Bxd6 Bxd6 21. e5 Rac8 22. Bg4 f5 23. exf6 Bb5 24. Qe6+ Kh8 25. Rxc8 Rxc8 26. Qxd7 Bxd7 27. fxg7+ Kxg7 28. Bxd7 1-0